|
|
|
|
| LEADER |
00000cam a2200000 a 4500 |
| 001 |
vtls008375757 |
| 003 |
SK-MaSNL |
| 005 |
20260301164955.0 |
| 008 |
210623q1948 xo e 000 0 slo |
| 015 |
|
|
|a SNBA19451955-004410
|
| 035 |
|
|
|a SK01SNKBKSFS20010067974
|
| 035 |
|
|
|a urn:nbn:sk:snk-am3ijd6
|
| 035 |
|
|
|a 3064E4EF-6BDE-47A6-8A3F-8BF6643A3489
|
| 035 |
|
|
|a urn:nbn:sk:snk-am00eluj
|
| 035 |
|
|
|a SKM000070437
|
| 040 |
|
|
|a SNK
|b slo
|c SNK
|e AACR2
|
| 041 |
0 |
|
|a slo
|
| 044 |
|
|
|a xo
|c SK
|
| 080 |
|
|
|a 656
|2 1981
|
| 245 |
0 |
0 |
|a Inštrukcie na skušobnú látku pre frekventantov autovodičov
|
| 260 |
|
|
|a Zvolen
|b Autoškola Mateja Paulenku
|c [1948]
|e Zvolen
|f Pravda
|
| 300 |
|
|
|a 45 s.
|c V. 12°
|
| 650 |
0 |
7 |
|a automobily
|2 SNKPH
|9 18879
|
| 650 |
0 |
7 |
|a riadenie motorových vozidiel
|2 SNKPH
|9 58071
|
| 650 |
0 |
7 |
|a autoškoly
|2 SNKPH
|9 31658
|
| 655 |
|
7 |
|a príručky
|2 SNKPH
|9 74364
|
| 958 |
|
|
|a RK
|
| 958 |
|
|
|a TL
|
| 958 |
|
|
|a ONDV
|
| 999 |
|
|
|c 822505
|d 824435
|
| 952 |
|
|
|a SNK
|b SNK
|y VYP
|7 0
|p 17A0572822
|o snkSD 5874 D1
|i snkKSF 559/57
|8 5
|0 0
|1 0
|4 0
|d 2008-03-25
|l 0
|r 2026-02-24 03:11:17
|w 2026-02-24
|
| 952 |
|
|
|a SNK
|b SNK
|y PREZ
|7 0
|p 17A0909604
|o snkSD 5874
|i snk3409/48
|0 0
|1 0
|4 0
|d 2018-11-27
|f 1
|l 0
|r 2025-11-13 00:00:00
|w 2026-02-24
|